Statistiques concernant Les pays participants aux JO Paralympiques de 2024

Cliquez ici pour prendre le quiz!

Statistiques générales

  • Ce quiz a été pris 15 fois
  • Le résultat moyen est 54 sur 89

Statistiques - réponses

HintRéponse% Correct
AfriqueAlgérie
100%
EuropeAllemagne
100%
AmériqueCanada
100%
EuropeFrance
100%
AfriqueMaroc
100%
AfriqueAfrique-du-Sud
93%
OcéanieAustralie
93%
AmériqueColombie
93%
EuropeEspagne
93%
AmériqueEtats-Unis
93%
AmériqueMexique
93%
EuropeBelgique
86%
AmériqueBrésil
86%
AsieChine
86%
AfriqueEgypte
86%
EuropeFinlande
86%
EuropeItalie
86%
EuropePologne
86%
EuropePortugal
86%
EuropeSuède
86%
AfriqueTunisie
86%
AmériqueArgentine
79%
EuropeIrlande
79%
OcéanieNouvelle-Zélande
79%
EuropePays-Bas
79%
EuropeRoyaume-Uni
79%
AsieCorée-du-Sud
71%
AsieJapon
71%
EuropeNorvège
71%
EuropeSlovaquie
71%
EuropeSlovénie
71%
EuropeSuisse
71%
Europe/AsieTurquie
71%
EuropeUkraine
71%
EuropeAutriche
64%
EuropeDanemark
64%
EuropeGrèce
64%
EuropeHongrie
64%
AsieInde
64%
AsieIndonésie
64%
EuropeLettonie
64%
EuropeLituanie
64%
AmériquePanama
64%
EuropeRoumanie
64%
AsieSingapour
64%
EuropeTchéquie
64%
AsieThaïlande
64%
EuropeBulgarie
57%
AmériqueChili
57%
EuropeChypre
57%
AmériqueCosta Rica
57%
AmériqueCuba
57%
AmériqueEquateur
57%
AsieIran
57%
AsieMalaisie
57%
AfriqueNiger
57%
AsieTaïwan
57%
AmériqueVenezuela
57%
AsieEmirats Arabes Unis
50%
AsieIrak
50%
AsieIsraël
50%
AfriqueNigeria
50%
AfriqueSénégal
50%
EuropeSerbie
50%
AsieArabie saoudite
43%
AfriqueCameroun
43%
EuropeCroatie
43%
AfriqueGhana
43%
Europe/AsieKazakhstan
43%
AsiePhilippines
43%
AfriqueKenya
36%
AsieMongolie
36%
AmériqueSalvador
36%
OcéanieTuvalu
36%
Europe/AsieAzerbaïdjan
29%
EuropeBosnie-Herzégovine
29%
Asie (dépendance)Hong-Kong
29%
AsieKoweït
29%
EuropeMacédoine
29%
AfriqueMaurice
29%
EuropeMonténégro
29%
AsieJordanie
21%
AfriqueNamibie
21%
AfriqueRwanda
21%
AsieOuzbékistan
14%
AsieSri Lanka
14%
Amérique (dépendances)Bermudes
7%
Amérique (dépendances)Porto Rico
7%
AmériqueRépublicaine dominicaine
0%

Distribution des résultats

Percentile par nombre de réponses

% des personnes avec chaque résultat

Votre développement - résultats

Vous n’avez pas pris ce quiz